00608nam a2200205Ia 450000500170000000800410001702000150005804000190007304100120009208200130010410000170011724500400013426000400017430000140021465000390022885000100026794200070027799900160028495201020030020231222102934.0131103s9999 xx 000 0 und d a8185814252 aLoreto College aEnglish a428bTHO aThorpe,Edgar aWinning at interviewscEdgar Thorpe aNew DelhibWheeler Publishingc1993 ax,143 p.  aInterviews - Communicative English aLCLIB cBK c7111d57590 00102ddc4070aMAINbMAINd2013-11-04l0o428 THO 39989pB6981r2013-11-04w2013-11-04yBKf